000 00418pam a2200157a 44500
008 230515b2007 xxu||||| |||| 00| 0 eng d
020 _a978-81-312-0348-4
041 _aENGLISH
082 _a610.73
100 _aMARY LUCITA.
245 _aNURSING :- PRACTICE AND PUBLIC HEALTH ADMINISTRATION.
250 _a2ND ED
260 _aNULL
_bELSEVIER.
_c2007
300 _aXIV,455,PB.
650 _aNURSING ADMINISTRATION
999 _c504350
_d504350